[Event "Keres Mem Rapid w"]
[Site "Tallinn EST"]
[Date "2005.01.09"]
[Round "4"]
[White "Golubenko, Valen"]
[Black "Kovalevskaya, E."]
[Result "0-1"]
[WhiteElo "2158"]
[BlackElo "2471"]
[PlyCount "120"]
[EventDate "2005.01.08"]
[Source "Mark Crowther"]
[SourceDate "2005.01.24"]

1. d4 Nf6 2. c4 g6 3. Nf3 Bg7 4. Nc3 O-O 5. g3 d6 6. Bg2 Nbd7 7. O-O e5 8. e4
c6 9. Re1 a6 10. a4 a5 11. b3 Re8 12. Ba3 exd4 13. Nxd4 Nc5 14. Rc1 Ng4 15.
Bxc5 dxc5 16. Nde2 Ne5 17. Qxd8 Rxd8 18. Red1 Bg4 19. h3 Bf3 20. Bxf3 Nxf3+ 21.
Kg2 Nd2 22. Rc2 Nxb3 23. Rxd8+ Rxd8 24. Rb2 Nd2 25. Rxb7 Nxc4 26. Rc7 Bxc3 27.
Nxc3 Rd3 28. Ne2 Rd2 29. Nf4 Ne5 30. Ra7 c4 31. Rxa5 Nd7 32. Ra6 Rd6 33. Nd5
Nc5 34. Rxc6 Rxc6 35. Ne7+ Kg7 36. Nxc6 Nxa4 37. Nb4 Nc5 38. Kf3 f5 39. exf5
gxf5 40. Kf4 Kg6 41. g4 fxg4 42. hxg4 c3 43. Nc2 Kf6 44. Ke3 Kg5 45. f3 Ne6 46.
Kd3 Kf4 47. Ne1 Ng5 48. Kxc3 Ke3 49. Nd3 Nxf3 50. Kc4 Nd2+ 51. Kc3 Ne4+ 52. Kc4
Nd6+ 53. Kd5 Kxd3 54. Kxd6 Ke4 55. g5 Kf5 56. Kd5 Kxg5 57. Ke4 Kg4 58. Ke3 Kg3
59. Ke2 Kg2 60. Ke3 h5 0-1

[Event "Keres Mem Rapid w"]
[Site "Tallinn EST"]
[Date "2005.01.09"]
[Round "4"]
[White "Fomina, T."]
[Black "Cramling, P."]
[Result "1-0"]
[WhiteElo "2207"]
[BlackElo "2477"]
[PlyCount "95"]
[EventDate "2005.01.08"]
[Source "Mark Crowther"]
[SourceDate "2005.01.24"]

1. d4 d5 2. Nc3 Nf6 3. Bg5 Nbd7 4. e3 g6 5. Nf3 Bg7 6. Bd3 O-O 7. O-O c6 8. e4
dxe4 9. Bxe4 h6 10. Bh4 Nxe4 11. Nxe4 g5 12. Bg3 f5 13. Nexg5 hxg5 14. Nxg5 Nf6
15. Be5 Ng4 16. Qe2 Bxe5 17. dxe5 Qd4 18. h3 Qf4 19. Nf3 Nh6 20. Rad1 Qe4 21.
Qd2 f4 22. Rfe1 Qg6 23. e6 Bxe6 24. Re5 Nf7 25. Re2 Bd5 26. Qc3 e5 27. Nh4 Qf6
28. g3 Rae8 29. Rde1 Ng5 30. Rxe5 Ne4 31. R1xe4 Bxe4 32. Rxe8 Qxc3 33. Rxf8+
Kxf8 34. bxc3 f3 35. g4 a5 36. Kf1 b5 37. Ke1 Bxc2 38. Nxf3 c5 39. Kd2 Be4 40.
Ne5 Ke7 41. f4 b4 42. cxb4 axb4 43. Kc1 Ke6 44. h4 Bd5 45. Kb2 c4 46. h5 c3+
47. Kb1 Be4+ 48. Kc1 1-0

[Event "Keres Mem Rapid w"]
[Site "Tallinn EST"]
[Date "2005.01.09"]
[Round "4"]
[White "Ciuksyte, D."]
[Black "Tsiganova, M."]
[Result "1-0"]
[WhiteElo "2361"]
[BlackElo "2211"]
[PlyCount "53"]
[EventDate "2005.01.08"]
[Source "Mark Crowther"]
[SourceDate "2005.01.24"]

1. e4 c5 2. Nf3 d6 3. d4 cxd4 4. Nxd4 Nf6 5. Nc3 a6 6. Bc4 e6 7. O-O Be7 8. a3
O-O 9. Ba2 b5 10. f4 Bb7 11. Qe2 Nc6 12. Be3 Qc7 13. f5 Nxd4 14. Bxd4 e5 15.
Bf2 Rac8 16. Rad1 Rfe8 17. Bh4 Qb6+ 18. Kh1 Rxc3 19. Bxf6 Rc7 20. Bxg7 Kxg7 21.
f6+ Kh8 22. Bxf7 Rf8 23. fxe7 Rxe7 24. Bd5 Rxf1+ 25. Qxf1 Kg7 26. Rd3 Qd8 27.
Rg3+ 1-0

[Event "Keres Mem Rapid w"]
[Site "Tallinn EST"]
[Date "2005.01.09"]
[Round "5"]
[White "Kovalevskaya, E."]
[Black "Ciuksyte, D."]
[Result "1-0"]
[WhiteElo "2471"]
[BlackElo "2361"]
[PlyCount "71"]
[EventDate "2005.01.08"]
[Source "Mark Crowther"]
[SourceDate "2005.01.24"]

1. e4 c5 2. d3 Nc6 3. Nc3 e6 4. g3 g6 5. Bg2 Bg7 6. Be3 d6 7. Qd2 Qa5 8. Nf3
Nd4 9. O-O Ne7 10. Nh4 O-O 11. f4 f5 12. Qf2 Bd7 13. Rfc1 Bc6 14. Nf3 e5 15.
Nd2 Rae8 16. Nc4 Qc7 17. Nd5 Nxd5 18. exd5 Bd7 19. c3 exf4 20. gxf4 b5 21. cxd4
bxc4 22. Rxc4 Bb5 23. dxc5 Bxc4 24. cxd6 Qxd6 25. dxc4 Rb8 26. Bd4 Rfc8 27.
Bxg7 Kxg7 28. Qxa7+ Kh6 29. Qd4 Rb4 30. b3 Re8 31. Rf1 Qb6 32. Qxb6 Rxb6 33. c5
Ra6 34. a4 Rb8 35. c6 Rxb3 36. Rc1 1-0

[Event "Keres Mem Rapid w"]
[Site "Tallinn EST"]
[Date "2005.01.09"]
[Round "5"]
[White "Cramling, P."]
[Black "Narva, R."]
[Result "1-0"]
[WhiteElo "2477"]
[BlackElo "2076"]
[PlyCount "83"]
[EventDate "2005.01.08"]
[Source "Mark Crowther"]
[SourceDate "2005.01.24"]

1. d4 Nf6 2. Nf3 d6 3. c4 g6 4. Nc3 Bg7 5. Bg5 a6 6. e3 b6 7. Be2 c5 8. h3 Ra7
9. O-O O-O 10. Re1 Nc6 11. d5 Nb8 12. e4 h6 13. Be3 e5 14. dxe6 Bxe6 15. Qd2
Kh7 16. Rad1 Rd7 17. Qc2 Nc6 18. Nd5 Bxd5 19. cxd5 Nb8 20. a3 Re7 21. Nd2 b5
22. b3 Qe8 23. Bd3 Nfd7 24. a4 Nb6 25. axb5 axb5 26. b4 Na6 27. bxc5 dxc5 28.
d6 Re5 29. f4 Nb4 30. Qb1 Re6 31. Bxc5 Nxd3 32. Qxd3 Na4 33. Bb4 Nb2 34. Qb3
Nxd1 35. Rxd1 Qd7 36. e5 g5 37. Rc1 Rc8 38. Rxc8 Qxc8 39. Qd3+ Kh8 40. d7 Qd8
41. Ba5 Rb6 42. Kh1 1-0

[Event "Keres Mem Rapid w"]
[Site "Tallinn EST"]
[Date "2005.01.09"]
[Round "5"]
[White "Sarakauskiene, Z."]
[Black "Golubenko, Valen"]
[Result "1-0"]
[WhiteElo "2183"]
[BlackElo "2158"]
[PlyCount "57"]
[EventDate "2005.01.08"]
[Source "Mark Crowther"]
[SourceDate "2005.01.24"]

1. e4 c5 2. Nf3 e6 3. d4 cxd4 4. Nxd4 Nf6 5. Nc3 d6 6. Bd3 Nc6 7. Nb3 Be7 8.
O-O O-O 9. Qe2 a6 10. f4 Qc7 11. Bd2 b5 12. a4 b4 13. Nd1 Nd7 14. Kh1 Bf6 15.
c3 Qb8 16. e5 g6 17. exf6 bxc3 18. Bxc3 Qxb3 19. Qf3 d5 20. Qf2 Rd8 21. Qh4 d4
22. Ra3 Qd5 23. Bd2 Qd6 24. Rf3 e5 25. f5 Nf8 26. fxg6 fxg6 27. f7+ Kh8 28. Bg5
h5 29. Bf6+ 1-0

[Event "Keres Mem Rapid w"]
[Site "Tallinn EST"]
[Date "2005.01.09"]
[Round "6"]
[White "Fomina, T."]
[Black "Kovalevskaya, E."]
[Result "1/2-1/2"]
[WhiteElo "2207"]
[BlackElo "2471"]
[PlyCount "110"]
[EventDate "2005.01.08"]
[Source "Mark Crowther"]
[SourceDate "2005.01.24"]

1. d4 Nf6 2. Nc3 d5 3. Bg5 Nbd7 4. Nf3 g6 5. Qd3 Bg7 6. e4 dxe4 7. Nxe4 O-O 8.
O-O-O h6 9. Bh4 Nxe4 10. Qxe4 Nf6 11. Bxf6 exf6 12. Bc4 f5 13. Qe3 Qf6 14. Rhe1
c5 15. Ne5 cxd4 16. Qxd4 Be6 17. f4 Rfd8 18. Qe3 Bxc4 19. Nxc4 Qc6 20. Ne5 Bxe5
21. fxe5 Rxd1+ 22. Rxd1 Re8 23. g3 a6 24. a3 Qe6 25. Qxh6 Qxe5 26. Kb1 Qe4 27.
Rd6 Qc4 28. b3 Qc3 29. Rd1 Qc5 30. Kb2 Qe5+ 31. Kb1 b5 32. Qd2 Kg7 33. Qd4 Qxd4
34. Rxd4 Re2 35. h4 Re3 36. g4 fxg4 37. Rxg4 f5 38. Rd4 Re6 39. Kc1 Kh6 40. Kd2
g5 41. hxg5+ Kxg5 42. c4 bxc4 43. bxc4 f4 44. Rd8 f3 45. Kd3 Kg4 46. Rf8 Kg3
47. Kd4 f2 48. c5 Kg2 49. Kd5 Re3 50. c6 Rxa3 51. c7 Rc3 52. Rg8+ Kh2 53. Rh8+
Kg2 54. Rg8+ Kh2 55. Rh8+ Kg2 1/2-1/2

[Event "Keres Mem Rapid w"]
[Site "Tallinn EST"]
[Date "2005.01.09"]
[Round "6"]
[White "Cramling, P."]
[Black "Tsiganova, M."]
[Result "1-0"]
[WhiteElo "2477"]
[BlackElo "2211"]
[PlyCount "65"]
[EventDate "2005.01.08"]
[Source "Mark Crowther"]
[SourceDate "2005.01.24"]

1. d4 Nf6 2. Nf3 e6 3. c4 b6 4. Bf4 Bb7 5. e3 Bb4+ 6. Nfd2 O-O 7. a3 Be7 8. Nc3
d5 9. cxd5 Nxd5 10. Nxd5 exd5 11. b4 c5 12. bxc5 bxc5 13. dxc5 Bxc5 14. Nb3 Bb6
15. Bd3 Qf6 16. Qd2 Nd7 17. O-O Ne5 18. Bxe5 Qxe5 19. Nd4 Rac8 20. Rfc1 Qg5 21.
Qb4 g6 22. a4 Rxc1+ 23. Rxc1 Qg4 24. h3 Qd7 25. Bb5 Qd8 26. Bc6 Bxd4 27. Qxb7
Bb6 28. Bxd5 Qg5 29. Rc4 Qe5 30. Re4 Qd6 31. Re7 Qc5 32. Rxf7 Qxd5 33. Rg7+ 1-0

[Event "Keres Mem Rapid w"]
[Site "Tallinn EST"]
[Date "2005.01.09"]
[Round "6"]
[White "Narva, R."]
[Black "Golubenko, Valen"]
[Result "0-1"]
[WhiteElo "2076"]
[BlackElo "2158"]
[PlyCount "114"]
[EventDate "2005.01.08"]
[Source "Mark Crowther"]
[SourceDate "2005.01.24"]

1. e4 c5 2. Nf3 e6 3. Nc3 d6 4. d4 cxd4 5. Nxd4 Nf6 6. Bc4 Be7 7. Bb3 O-O 8.
O-O Na6 9. Qf3 Nc5 10. Re1 a6 11. Qg3 Kh8 12. f4 b5 13. Nc6 Qc7 14. Nxe7 Qxe7
15. e5 Nfd7 16. a3 Nxb3 17. cxb3 Nc5 18. Ne4 dxe5 19. fxe5 Nxe4 20. Rxe4 Bb7
21. Rh4 f6 22. Qg6 Qc5+ 23. Kh1 Bxg2+ 24. Qxg2 Qxe5 25. Bf4 Qf5 26. Bd6 Rfd8
27. Rg1 Ra7 28. Bc5 Qxc5 29. Qg6 Qc6+ 30. Qg2 Qxg2+ 31. Rxg2 Rd1+ 32. Rg1 Rxg1+
33. Kxg1 Rd7 34. Re4 e5 35. Re2 Rd3 36. b4 Kg8 37. Kf2 Kf7 38. Rc2 Rd6 39. Ke3
f5 40. b3 g5 41. a4 bxa4 42. bxa4 Rb6 43. Rc7+ Kg6 44. a5 Rd6 45. Rc5 Kf6 46.
b5 axb5 47. Rxb5 Ke6 48. Rc5 g4 49. Rb5 h5 50. Rc5 f4+ 51. Ke2 h4 52. Rb5 h3
53. Rb3 e4 54. Rb5 g3 55. hxg3 fxg3 56. Rh5 g2 57. Kf2 Rd2+ 0-1

[Event "Keres Mem Rapid w"]
[Site "Tallinn EST"]
[Date "2005.01.09"]
[Round "7"]
[White "Tsiganova, M."]
[Black "Narva, R."]
[Result "1/2-1/2"]
[WhiteElo "2211"]
[BlackElo "2076"]
[PlyCount "118"]
[EventDate "2005.01.08"]
[Source "Mark Crowther"]
[SourceDate "2005.01.24"]

1. d4 Nf6 2. c4 e6 3. Nf3 Bb4+ 4. Nbd2 d5 5. e3 O-O 6. Bd3 Ne4 7. O-O f5 8. Qc2
c6 9. a3 Bd6 10. Ne5 Nd7 11. f4 g5 12. b4 a6 13. c5 Be7 14. a4 Nxe5 15. fxe5
Nxd2 16. Bxd2 g4 17. b5 Qe8 18. bxc6 bxc6 19. Rab1 Bd8 20. Rb2 a5 21. Qb1 Bc7
22. Qe1 Qh5 23. Qg3 Kh8 24. Rfb1 Rg8 25. Be1 Qg6 26. Qf4 h5 27. Bh4 Re8 28. Qf2
Kh7 29. Bf6 Qh6 30. Kh1 Ra7 31. Rb3 g3 32. Qxg3 Qxf6 33. exf6 Bxg3 34. hxg3 Kg6
35. Rb6 Bd7 36. Rb7 Rea8 37. Kg1 Kxf6 38. Kf2 Kg5 39. Kf3 Be8 40. Rxa7 Rxa7 41.
Rb8 Bd7 42. Rg8+ Kf6 43. Kf4 Rb7 44. Ra8 Rb2 45. Kf3 e5 46. dxe5+ Kxe5 47. Rxa5
d4 48. Ra7 Be6 49. exd4+ Kxd4 50. Ba6 Bd5+ 51. Kf4 Rf2+ 52. Kg5 Rxg2 53. Kxf5
Rxg3 54. Bc8 Kxc5 55. Kf4 Ra3 56. a5 h4 57. a6 h3 58. Rh7 Bg2 59. a7 Rxa7
1/2-1/2